| 000 | 01330nam a2200265Ia 4500 | ||
|---|---|---|---|
| 003 | PE SENCICO BE | ||
| 005 | 20260220165308.0 | ||
| 008 | 200515s9999 xx 000 0 und d | ||
| 020 | _a970-17-0121-6 | ||
| 040 |
_aPE SENCICO BE _cPE SENCICO BE |
||
| 041 | _aspa | ||
| 082 |
_a620.11 _bH47 1998 |
||
| 100 | 1 |
_aHibbeler, R. C. _9184 _eautor |
|
| 245 | 1 | 0 |
_aMecánica de materiales / _cR. C. Hibbeler ; traducción: José de la Cera A. |
| 250 | _a3a ed. | ||
| 260 |
_aMéxico, D.F. : _bPrentice-Hall Hispanoamericana ; _c1998 |
||
| 300 |
_axv, 854 páginas : _bilustraciones, diagramas ; _c25 cm. |
||
| 505 | 0 | _aEsfuerzo -- Deformación unitaria -- Propiedades mecánicas de los materiales -- Carga axial -- Torsión -- Flexión-- Esfuerzo cortante transversal -- Cargas combinadas -- Transformación del esfuerzo -- Transformación de la deformación unitaria -- Diseño de vigas y flechas -- Deflexiones de vigas y flechas -- Pandeo de columnas -- Métodos de energía | |
| 520 | 3 | _aPresenta numerosos análisis y aplicaciones al diseño de elementos mecánicos y estructurales básicos que se encuentra a menudo en la práctica de la ingeniería | |
| 650 | 1 | 0 |
_aMecánica de materiales _9359 |
| 650 | 2 | 0 |
_aVigas _9327 |
| 650 | 2 | 0 |
_aTorsión _9360 |
| 700 | 1 |
_aDe la Cera A., José _9185 _etraductor |
|
| 942 |
_cLIB _2ddc |
||
| 999 |
_c786 _d786 |
||